Clash Royale Evolutions - Statistics

General Stats
  • This quiz has been taken 84 times
  • The average score is 29 of 39
Answer Stats
Rarity Elixir Answer % Correct
Legendary 7 Mega Knight
94%
Common 1 Skeletons
94%
Common 1 Ice Spirit
88%
Epic 7 P.E.K.K.A.
88%
Common 5 Barbarians
87%
Common 6 Royal Giant
87%
Common 3 Cannon
85%
Common 3 Knight
85%
Common 4 Tesla
83%
Common 3 Archers
81%
Epic 5 Witch
81%
Epic 6 Goblin Giant
79%
Epic 3 Skeleton Army
79%
Common 2 Zap
79%
Epic 5 Electro Dragon
77%
Legendary 4 Inferno Dragon
77%
Rare 4 Valkyrie
77%
Epic 4 Baby Dragon
75%
Epic 4 Goblin Drill
75%
Common 7 Royal Recruits
75%
Epic 3 Goblin Barrel
73%
Rare 4 Musketeer
73%
Rare 5 Royal Hogs
71%
Common 3 Firecracker
69%
Rare 5 Wizard
69%
Legendary 4 Lumberjack
67%
Legendary 3 Royal Ghost
67%
Common 2 Bomber
65%
Common 4 Mortar
65%
Epic 2 Wall Breakers
65%
Rare 3 Dart Goblin
63%
Epic 5 Executioner
63%
Common 2 Giant Snowball
63%
Rare 4 Goblin Cage
62%
Common 2 Bats
58%
Epic 4 Hunter
58%
Rare 4 Battle Ram
54%
Common 3 Skeleton Barrel
54%
Rare 4 Furnace
52%
No matching quizzes found
Score Distribution
Percent of People with Each Score
Percentile by Number Answered
Your Score History
You have not taken this quiz